ბათუმის შოთა რუსთაველის სახელმწიფო უნივერსიტეტის ბიბლიოთეკა

სიგნალების გადაცემის თეორია. (ბიბ.ჩანაწერი № 35709)

000 -LEADER
fixed length control field 00675nam a2200217Ia 4500
001 - CONTROL NUMBER
control field 1582
003 - CONTROL NUMBER IDENTIFIER
control field GE_BSU
008 - FIXED-LENGTH DATA ELEMENTS--GENERAL INFORMATION
fixed length control field 181216s||||||||xx |||||||||||||| ||und||
040 ## - CATALOGING SOURCE
Transcribing agency GE_BSU
080 ## - UNIVERSAL DECIMAL CLASSIFICATION NUMBER
Universal Decimal Classification number 654.924.3(075.8)
100 ## - MAIN ENTRY--PERSONAL NAME
Personal name ხარატიშვილი, ნ.
245 ## - TITLE STATEMENT
Title სიგნალების გადაცემის თეორია.
245 ## - TITLE STATEMENT
Remainder of title სახელმძღვანელო.
260 ## - PUBLICATION, DISTRIBUTION, ETC.
Place of publication, distribution, etc. თბ.
260 ## - PUBLICATION, DISTRIBUTION, ETC.
Name of publisher, distributor, etc. განათლება.
260 ## - PUBLICATION, DISTRIBUTION, ETC.
Date of publication, distribution, etc. 1984.
300 ## - PHYSICAL DESCRIPTION
Extent 207გვ;21სმ.
653 ## - INDEX TERM--UNCONTROLLED
Uncontrolled term სიგნალების გადაცემის თეორია.
942 ## - ADDED ENTRY ELEMENTS (KOHA)
Koha item type წიგნი
ეგზემპლარები
Withdrawn status Lost status Damaged status Not for loan Date acquired Barcode Date last seen Price effective from Koha item type
        2018-12-17 3017 2018-12-17 2018-12-17 წიგნი